Rebelión campesina y cambio social /
Salvato in:
| Autore principale: | |
|---|---|
| Altri autori: | |
| Natura: | testo |
| Pubblicazione: |
Barcelona:
Crítica
|
| Tags: |
Aggiungi Tag
Nessun Tag, puoi essere il primo ad aggiungerne!!
|
MARC
| LEADER | 00000 a a2200000 04500 | ||
|---|---|---|---|
| 001 | 23884 | ||
| 003 | |||
| 040 | |||
| 020 | |a 84-7423-065-9 | ||
| 090 | |a 165000 | ||
| 100 | |a Landsberger, Henry A. | ||
| 245 | |a Rebelión campesina y cambio social / |c Henry A. Landsberger | ||
| 260 | |a Barcelona: |b Crítica | ||
| 300 | |a 448 p | ||
| 700 | |a ed. |a Alexandrov, Yu. G. |a Hilton, R. H. |a Hobsbawm, Eric J. |a Huizer, Gerrit |a Lansberger, B. A. |a Logworth, P. |a Molnár, M. |a Pekmez, J. |a Stavenhagen, Rodolfo | ||
| 999 | |c 5198 |d 5198 | ||



